Report of the Committee on Tribal Economy in Forest Areas (Record no. 486802)

000 -LEADER
fixed length control field 00518cam a22001457a 4500
008 - FIXED-LENGTH DATA ELEMENTS--GENERAL INFORMATION
fixed length control field 180718b1967 xxu||||| |||| 00| 0 eng d
082 ## - DEWEY DECIMAL CLASSIFICATION NUMBER
Classification number BA27x54 R299
100 ## - MAIN ENTRY--PERSONAL NAME
Personal name India. Committee on Tribal Economy in Forest Areas
245 ## - TITLE STATEMENT
Title Report of the Committee on Tribal Economy in Forest Areas
Statement of responsibility, etc. by Department of Social Welfare
260 ## - PUBLICATION, DISTRIBUTION, ETC.
Place of publication, distribution, etc. Delhi
Name of publisher, distributor, etc. The Manager of Publications
Date of publication, distribution, etc. 1967
300 ## - PHYSICAL DESCRIPTION
Extent 189p.
500 ## - GENERAL NOTE
General note Chairman: Hari Singh
700 ## - ADDED ENTRY--PERSONAL NAME
Personal name Hari Singh (Chairman)
700 ## - ADDED ENTRY--PERSONAL NAME
Personal name India. Department of Social Welfare
Holdings
Withdrawn status Lost status Damaged status Not for loan Permanent Location Current Location Date acquired Full call number Barcode Date last seen Price effective from Koha item type
        Indian Institute of Public Administration Indian Institute of Public Administration 2018-08-04 BA27x54 R299 G11134 2018-08-04 2018-08-04 G

Powered by Koha